000 00307nam a22001337a 4500
008 170420b xxu||||| |||| 00| 0 eng d
020 _a9780896032729
041 _aeng
080 _a573
100 _a11
101 _aSHM
245 _aBACULOVIRUS EXPRESSION PROTOCOLS
_cRICHARDSON, C.D
942 _2udc
_cBK
999 _c11364
_d11364